01542ntm a22003977a 450000500170000000800410001702000180005804100080007608200200008410000190010424500980012326000140022126000120023526000090024730000180025649000470027450501970032165000240051865000450054265000410058765000220062865000320065065000510068265000230073365000350075665000140079165000230080565000210082865000230084965000350087265000260090765000680093365000380100165000410103965000640108020250806154526.0180925b2015 xxu||||| |||| 00| 0 spa d a9789506417246 aESP a658.409.2 H393c aHawkins, Peter aCoaching y liderazgo de equipos: coaching para un liderazgo con capacidad de transformación aArgentina bGranica c2015 a353 páginas aDirección y Administración de Empresas aParte I. Equipos de alto rendimiento Parte II. Coaching de equipo Parte III. Coaching de diferentes tipos de equipos Parte IV. Selección, desarrollo y supervisión de los coaches de equipo aLIDERAZGO EJECUTIVO aEQUIPOS DE LIDERAZGO DE ALTO RENDIMIENTO aDESAFÍOS CAMBIANTES DE LOS EQUIPOS aEQUIPOS EFECTIVOS aEQUIPOS DE ALTO RENDIMIENTO aDISCIPLINAS DE PRÁCTICA DE UN EQUIPO EXITOSO aCOACHING DE EQUIPO aPROCESO DEL COACHING DE EQUIPO aLIDERAZGO aEQUIPOS DE TRABAJO aTIPOS DE EQUIPOS aEQUIPOS DIRECTIVOS aCOACHING DE LA JUNTA DIRECTIVA aFUNCIONES DE LA JUNTA aCÓMO ENCONTRAR, SELECCIONAR Y TRABAJAR CON UN COACH DE EQUIPO aAPTITUDES PRINCIPALES DE UN COACH aSUPERVISIÓN DEL COACHING DE EQUIPO aMÉTODOS, HERRAMIENTAS Y TÉCNICAS DEL COACHING DE EQUIPO